00514nam a2200145Ia 4500003000900000008004100009020002600050040001600076100002500092245006300117260003200180300002000212490003300232856010300265IN-BaIIA211028s9999 xx s 000 0 eng d a9780819488886 (Print) cIIA Library aTràˆger, Frank, ed. 0aSynthesis and Photonics of Nanoscale Materials IXh[eBook] aWashington, USAbSPIEc2012 aOnline resource aProceedings of SPIE; V. 8245 uhttps://www.spiedigitallibrary.org/conference-proceedings-of-spie/8245yClick Here to Access eBook